000 00297nam a22001337a 4500
008 170803b xxu||||| |||| 00| 0 eng d
020 _a0805322019
041 _aeng
080 _a004
100 _a32
101 _aSHK
245 _aCOMPUTERS AND DATA PROCESSING
_cCAPRON,H.L
942 _2udc
_cBK
999 _c22629
_d22629